| 000 | 00343nam a2200145Ia 4500 | ||
|---|---|---|---|
| 100 | _aMalvino/A.P | ||
| 650 | _aElectrical Engineering | ||
| 942 | _cBK | ||
| 654 | _aTransistor Circuit | ||
| 245 | _aTransistor Circuit Approximation | ||
| 260 |
_bTata Mc Graw hill _aNewDelhi _c1982 |
||
| 082 | _a621.3 | ||
| 300 | _a371 | ||
| 546 | _aENGLISH | ||
| 999 |
_c29097 _d29097 |
||